000
00298nam a22001217a 4500
020
_a
9789382126263
082
_a
620.5
_b
KAP/TE
100
_a
Kapoor, S.N.
_9
1076
245
_a
A Textbook of Nanophysics
260
_a
New Delhi
_b
Astha Publishers and Distributors
_c
2014
300
_a
264
942
_c
BK
999
_c
14618
_d
14618